00811 a2200181 4500003000500000005001700005010001600022020002800038040000900066082001400075100002700089245007700116260003500193300003400228505030400262538002900566650003400595Nust20170207152515.0 a 97001921 a0890065721 (alk. paper) cNust00a621.382751 aPapannareddy, Rajappa.10aIntroduction to lightwave communication systems /cRajappa Papannareddy. aBoston :bArtech House,c1997. axii, 246 p. :bill. ;c24 cm. aIntroduction (Page-1) System Description (Page-17) Optical Amplifiers (Page-93) Direct Detection Light wave Systems (Page-117) Coherent Detection Light wave System (Page-143) Solution Light wave System (Page-179)Optoelectronic Integrated Circuits (Page-195) Multichannel Lighwave System (Page-209) aAlmirah No 26 Shelf No 6 0aTelecommunication engineering